Match Disney stars Quiz Stats

 Plays Quiz not verified by Sporcle

Score 0/10 Timer 05:00
0 Plays Today
% Correct
Bridgit Mendler
88.4%
Bradley steven Perry
81.8%
Jake Short
65.9%
Drake Bell
65.1%
Leo Howard
58.1%
Tenzing Norgay Trainor
44.2%
Adam Irigoyen
41.9%
Roshon Fegan
39.5%
Adam Hicks
34.9%
Billy Unger
32.6%

You're not logged in!

Compare scores with friends on all Sporcle quizzes.
OR
Log In

Show Comments

Extras

Created Jun 17, 2014ReportNominate
Tags:Clickable Quiz, Disney Quiz, star

Top Quizzes Today


Score Distribution

Your Account Isn't Verified!

In order to create a playlist on Sporcle, you need to verify the email address you used during registration. Go to your Sporcle Settings to finish the process.

Report this User

Report this user for behavior that violates our Community Guidelines.

Details: